000 01278nam a2200325 c 4500
003 BLK
005 20180422120049.0
008 180411b bul|||||r ||||||| ||bul||
010 _aKNG00204887000
040 _aBLK
041 _aBUL
_cBUL
072 7 _2bullib
_aА
_xФонд Михаил Арнаудов
080 _aНемска литература
_b821.112.2
_x-31
_z821.112.2-31
100 1 _aГьоте, Йохан Волфганг фон
_eпърви автор
_9363966
700 1 _aВранчев, Николай
_eпрев. от нем.
_9370908
139 _aГьоте, Йохан Волфганг фон
_bГ 97
245 1 0 _aСтраданията на младия Вертер
_bРоман
_cЙохан Волфганг фон Гьоте; прев. от нем. Николай Вранчев.
257 _aDEU
260 София
_bАкация
_c1929
_fСофия : С. М. Стайков
300 _a177 с.
_c16 см
380 _aX
490 1 _aБиблиотека Ралица
_v31
500 _aМека подв., неразрязана
659 _aА
852 _aЦб МА 3343
856 4 _qpdf
_u
856 4 _qpdf
_u
942 _cKNG
_n0
944 _aCR
_c11.04.2017
_kГеновева_Генчева
944 _aED
_c11.04.2017
_kГеновева_Генчева
999 _c195633
_d195633